| 000 | 00320nam a22001337a 4500 | ||
|---|---|---|---|
| 020 | _qPB. | ||
| 040 | _cFIZZA ISHAQ | ||
| 082 |
_a005.133 _bFRA |
||
| 100 |
_aCHOLLET,FRANCOIS. _989347 |
||
| 245 |
_aDEEP LEARNING WITH PYTHON / _cFRANCOIS CHOLLET. |
||
| 260 |
_aMANNING ; _c2018. |
||
| 300 | _a361 P. ; | ||
| 942 |
_2ddc _cBK |
||
| 999 |
_c588114 _d588114 |
||